Means of escape incare are life / (Record no. 12418)
[ view plain ]
| 000 -LEADER | |
|---|---|
| fixed length control field | 00451cam a2200169ua 4500 |
| 041 ## - LANGUAGE CODE | |
| Language code of text/sound track or separate title | eng |
| 082 ## - DEWEY DECIMAL CLASSIFICATION NUMBER | |
| Classification number | 363.377 |
| Item number | BRE/ME |
| 100 ## - MAIN ENTRY--AUTHOR NAME | |
| Personal name | Brand, Horace . |
| 245 ## - TITLE STATEMENT | |
| Title | Means of escape incare are life / |
| 260 ## - PUBLICATION, DISTRIBUTION, ETC. (IMPRINT) | |
| Place of publication | London : |
| Name of publisher | Sir Isaac Pitman & Sons Ltd , |
| Year of publication | 1952. |
| 300 ## - PHYSICAL DESCRIPTION | |
| Number of Pages | 155 ; . |
| 700 1# - ADDED ENTRY--PERSONAL NAME | |
| Personal name | Solomon, Digby L . |
| 942 ## - ADDED ENTRY ELEMENTS (KOHA) | |
| Koha item type | Books |
| Withdrawn status | Lost status | Damaged status | Home library | Current library | Date acquired | Full call number | Accession Number | Koha item type |
|---|---|---|---|---|---|---|---|---|
| Withdrawn | KAUAET | Sanskrit University | 07/04/2012 | 363.377 | 6064 | Books |
